WWE NXT Champions - 2020s - Statistics

General Stats
  • This quiz has been taken 157 times
    118 since last reset
  • The average score is 9 of 11
Answer Stats
Dates of Reign Wrestler % Correct
January 4 - March 8, 2022 Bron Breakker
92%
April 4, 2022 - April 1, 2023 Bron Breakker
92%
April 1, 2023 - Present Carmelo Hayes
86%
Champion on January 1, 2020 Adam Cole
85%
September 8, 2020 - April 8, 2021 Finn Balor
84%
March 8 - April 4, 2022 Dolph Ziggler
80%
July 8 - August 22, 2020 Keith Lee
76%
August 22 - 26, 2020 Karrion Kross
74%
April 8 - August 22, 2021 Karrion Kross
74%
September 14, 2021 - January 4, 2022 Tomasso Ciampa
70%
August 22 - September 12, 2021 Samoa Joe
62%
No matching quizzes found
Score Distribution
Percent of People with Each Score
Percentile by Number Answered
Your Score History
You have not taken this quiz since the last reset